[Event "Madrid-chT 2021"]
[Site "Madrid"]
[Date "2021.05.22"]
[Round "12.6"]
[White "Ballesteros Galvez, Daniel"]
[Black "Barragan Arriaza, Pablo"]
[Result "1-0"]
[WhiteElo "1932"]
[BlackElo "1924"]
[PlyCount "85"]
[EventDate "2021.01.23"]
[EventType "team-tourn"]
[EventRounds "14"]
[EventCountry "ESP"]
[SourceTitle "EXT 2022"]
[Source "ChessBase"]
[SourceDate "2021.10.06"]
[SourceVersion "1"]
[SourceVersionDate "2021.10.06"]
[SourceQuality "1"]
[WhiteTeam "Vallecas CDV"]
[BlackTeam "Capablanca"]
[WhiteTeamCountry "ESP"]
[BlackTeamCountry "ESP"]

1. e4 e5 2. Nf3 Nc6 3. Bb5 a6 4. Ba4 Nf6 5. 0-0 Be7 6. Re1 b5 7. Bb3 0-0 8. h3 d6 9. c3 Na5 10. Bc2 c5 11. d4 Qc7 12. d5 c4 13. b4 Nb7 14. a4 Bd7 15. axb5 axb5 16. Rxa8 Rxa8 17. Nbd2 Ra1 18. Nf1 Qb8 19. Qe2 Ra2 20. Ng3 Ne8 21. Nh2 Nc7 22. Rd1 Na8 23. f4 exf4 24. Bxf4 Bf6 25. e5 dxe5 26. Be3 g6 27. Ng4 Bxg4 28. hxg4 Nd6 29. Bc5 Nb6 30. Ne4 Nxe4 31. Qxe4 Nd7 32. d6 Qc8 33. Bb1 Nxc5 34. Qd5 Ra6 35. bxc5 Qxg4 36. c6 Qc8 37. Rf1 Qxc6 38. Qxc6 Rxc6 39. Rxf6 Rc8 40. Be4 Rd8 41. Bd5 Rd7 42. Rxf7 Rxd6 43. Rd7+ 1-0

[Event "Madrid-chT 2021"]
[Site "Madrid"]
[Date "2021.05.15"]
[Round "11.6"]
[White "Jovancevic, Jovan"]
[Black "Ballesteros Galvez, Daniel"]
[Result "1-0"]
[WhiteElo "2152"]
[BlackElo "1932"]
[PlyCount "91"]
[EventDate "2021.01.23"]
[EventType "team-tourn"]
[EventRounds "14"]
[EventCountry "ESP"]
[SourceTitle "EXT 2022"]
[Source "ChessBase"]
[SourceDate "2021.10.06"]
[SourceVersion "1"]
[SourceVersionDate "2021.10.06"]
[SourceQuality "1"]
[WhiteTeam "San Sebastian de los Reyes"]
[BlackTeam "Vallecas CDV"]
[WhiteTeamCountry "ESP"]
[BlackTeamCountry "ESP"]

1. d4 d5 2. c4 e6 3. Nc3 Nf6 4. Bg5 Be7 5. cxd5 exd5 6. e3 c6 7. Bd3 Nbd7 8. Nge2 h6 9. Bf4 Nb6 10. 0-0 0-0 11. f3 Bd6 12. Bxd6 Qxd6 13. Rc1 Re8 14. Qd2 Be6 15. e4 Qd7 16. e5 Nh7 17. Ng3 Nc4 18. Bxh7+ Kxh7 19. Qd3+ Kh8 20. b3 Nb6 21. f4 f5 22. exf6 gxf6 23. f5 Bf7 24. Qd2 Kh7 25. Rf4 Qe7 26. Nf1 Qf8 27. Nd1 Re4 28. Nf2 Rxf4 29. Qxf4 Re8 30. Rc3 Nc8 31. Ng4 Bh5 32. Nf2 Ne7 33. Rh3 Bf7 34. Ne3 Ng8 35. g3 Qg7 36. Neg4 Qg5 37. Qxg5 fxg5 38. Nxh6 Re1+ 39. Kg2 Nxh6 40. Ng4 Kg7 41. Rxh6 Re4 42. f6+ Kg8 43. Ne5 Rxd4 44. Nf3 Re4 45. Nxg5 Re5 46. Rh8+ 1-0

[Event "Madrid-chT 2021"]
[Site "Madrid"]
[Date "2021.05.09"]
[Round "10.6"]
[White "Rodrigo Yanguas, Maria"]
[Black "Ballesteros Galvez, Daniel"]
[Result "1/2-1/2"]
[WhiteElo "2060"]
[BlackElo "1932"]
[PlyCount "106"]
[EventDate "2021.01.23"]
[EventType "team-tourn"]
[EventRounds "14"]
[EventCountry "ESP"]
[SourceTitle "EXT 2022"]
[Source "ChessBase"]
[SourceDate "2021.10.06"]
[SourceVersion "1"]
[SourceVersionDate "2021.10.06"]
[SourceQuality "1"]
[WhiteTeam "Virgen de Atocha"]
[BlackTeam "Vallecas CDV"]
[WhiteTeamCountry "ESP"]
[BlackTeamCountry "ESP"]

1. e4 e5 2. Nf3 Nc6 3. Bb5 a6 4. Ba4 Nf6 5. 0-0 Be7 6. Re1 b5 7. Bb3 d6 8. c3 0-0 9. h3 Nb8 10. d4 Nbd7 11. Nbd2 Bb7 12. Bc2 Re8 13. Nf1 Bf8 14. Ng3 g6 15. a4 c5 16. d5 c4 17. Be3 h6 18. Qe2 Qc7 19. Ra3 Nc5 20. Rea1 Reb8 21. Nd2 Bg7 22. f3 Nfd7 23. Qf2 Nb6 24. axb5 axb5 25. b3 Rxa3 26. Rxa3 cxb3 27. Bxb3 Rc8 28. Ne2 Qd7 29. Bc2 Nba4 30. Nb3 Nxb3 31. Rxb3 Ba6 32. Qe1 Kh7 33. Nc1 Bf6 34. Qd2 Bg5 35. Bxg5 hxg5 36. Na2 f6 37. Nb4 Qa7+ 38. Kh2 Rc7 39. Ra3 Bc8 40. Bxa4 bxa4 41. Nc6 Qc5 42. Rxa4 Bd7 43. Ra5 Qb6 44. Qa2 Bxc6 45. dxc6 Qxc6 46. Qe6 Kg7 47. Ra3 Rf7 48. c4 Rc7 49. Rd3 Qxc4 50. Qxd6 Qc1 51. Rd2 Qc6 52. Qd8 Rf7 53. Rd6 Qc7 1/2-1/2

[Event "Madrid-chT 2021"]
[Site "Madrid"]
[Date "2021.04.17"]
[Round "8.5"]
[White "Ballesteros Galvez, Daniel"]
[Black "Perdomo Araujo, Angel Eduardo"]
[Result "1/2-1/2"]
[WhiteElo "1932"]
[BlackElo "2013"]
[PlyCount "101"]
[EventDate "2021.01.23"]
[EventType "team-tourn"]
[EventRounds "14"]
[EventCountry "ESP"]
[SourceTitle "EXT 2022"]
[Source "ChessBase"]
[SourceDate "2021.10.06"]
[SourceVersion "1"]
[SourceVersionDate "2021.10.06"]
[SourceQuality "1"]
[WhiteTeam "Vallecas CDV"]
[BlackTeam "Villalba 64"]
[WhiteTeamCountry "ESP"]
[BlackTeamCountry "ESP"]

1. e4 d5 2. exd5 Qxd5 3. Nc3 Qd6 4. d4 Nf6 5. Nf3 Bg4 6. h3 Bxf3 7. Qxf3 c6 8. Be3 e6 9. Bd3 Nbd7 10. 0-0-0 Qc7 11. g4 Bd6 12. Kb1 Nd5 13. Nxd5 cxd5 14. g5 a6 15. h4 Nb6 16. h5 0-0-0 17. Qg4 Kb8 18. Ka1 Rc8 19. f4 Nc4 20. Bc1 g6 21. Rh3 Qb6 22. c3 Rhd8 23. Qe2 Qc7 24. hxg6 hxg6 25. Rh7 Rd7 26. Qf3 b5 27. Rdh1 Ka7 28. Rh8 Rxh8 29. Rxh8 Rd8 30. Rxd8 Qxd8 31. Qh3 Qc7 32. Qf1 Qb8 33. b3 Nb6 34. Be3 Qc7 35. Qc1 Kb7 36. Qd2 Nc8 37. Qc1 Ne7 38. Bd2 Nf5 39. a4 b4 40. Kb2 bxc3+ 41. Qxc3 Qxc3+ 42. Kxc3 Ng3 43. b4 Nh5 44. Kc2 Nxf4 45. Bf1 Nh5 46. b5 axb5 47. Bxb5 Ng7 48. Kd3 Kb6 49. Bd7 Kc7 50. Bb5 Kb6 51. Bd7 1/2-1/2

[Event "Madrid-chT 2021"]
[Site "Madrid"]
[Date "2021.04.11"]
[Round "7.6"]
[White "Ortega Palacios, Alejandro"]
[Black "Ballesteros Galvez, Daniel"]
[Result "0-1"]
[WhiteElo "1733"]
[BlackElo "1932"]
[PlyCount "52"]
[EventDate "2021.01.23"]
[EventType "team-tourn"]
[EventRounds "14"]
[EventCountry "ESP"]
[SourceTitle "EXT 2022"]
[Source "ChessBase"]
[SourceDate "2021.10.06"]
[SourceVersion "1"]
[SourceVersionDate "2021.10.06"]
[SourceQuality "1"]
[WhiteTeam "Blanco y Negro"]
[BlackTeam "Vallecas CDV"]
[WhiteTeamCountry "ESP"]
[BlackTeamCountry "ESP"]

1. e4 e5 2. Nf3 Nc6 3. Bb5 a6 4. Ba4 Nf6 5. 0-0 Be7 6. Re1 b5 7. Bb3 d6 8. h3 Na5 9. c3 Nxb3 10. axb3 0-0 11. d4 exd4 12. Nxd4 Bd7 13. Bf4 Re8 14. Nd2 Bf8 15. f3 c5 16. Nc2 d5 17. e5 Nh5 18. Bh2 Qg5 19. Nf1 g6 20. Nfe3 Bg7 21. Nxd5 Bxh3 22. Qe2 Bxe5 23. f4 Bxf4 24. Bxf4 Rxe2 25. Bxg5 Rxg2+ 26. Kh1 Ng3# 0-1

[Event "Madrid-chT 2021"]
[Site "Madrid"]
[Date "2021.03.14"]
[Round "4.6"]
[White "Ballesteros Galvez, Daniel"]
[Black "Guillo Longares, Cecilia"]
[Result "0-1"]
[WhiteElo "1932"]
[BlackElo "2017"]
[PlyCount "84"]
[EventDate "2021.01.23"]
[EventType "team-tourn"]
[EventRounds "14"]
[EventCountry "ESP"]
[SourceTitle "EXT 2022"]
[Source "ChessBase"]
[SourceDate "2021.10.06"]
[SourceVersion "1"]
[SourceVersionDate "2021.10.06"]
[SourceQuality "1"]
[WhiteTeam "Vallecas CDV"]
[BlackTeam "San Sebastian de los Reyes"]
[WhiteTeamCountry "ESP"]
[BlackTeamCountry "ESP"]

1. e4 e5 2. Nf3 Nc6 3. Bb5 g6 4. Bxc6 dxc6 5. 0-0 Bg7 6. d3 Nf6 7. h3 Nd7 8. Nc3 c5 9. Be3 Qe7 10. a4 Nb8 11. Nh2 Nc6 12. Ne2 0-0 13. Rb1 Qd6 14. Qd2 Rd8 15. b3 Nd4 16. f4 f5 17. Ng3 g5 18. Bxd4 Qxd4+ 19. Kh1 exf4 20. Nxf5 Bxf5 21. exf5 Qf6 22. Rbe1 Re8 23. Qa5 Qxf5 24. Rxe8+ Rxe8 25. Qxa7 Re7 26. Qb8+ Kf7 27. Ng4 h5 28. Nf2 Be5 29. Qa7 Bd4 30. Ne4 Qd5 31. Qa5 Kg6 32. Qd2 Rf7 33. Qe2 Qe6 34. c3 Bg7 35. Qc2 b6 36. d4 Qf5 37. Rf2 Re7 38. Re2 f3 39. Ng3 Qxc2 40. Rxc2 Re1+ 41. Kh2 h4 42. Nh1 Re2 0-1

[Event "Madrid-chT 2021"]
[Site "Madrid"]
[Date "2021.02.28"]
[Round "2.5"]
[White "Ballesteros Galvez, Daniel"]
[Black "Garcia Dorado, Alberto"]
[Result "0-1"]
[WhiteElo "1932"]
[BlackElo "2181"]
[PlyCount "90"]
[EventDate "2021.01.23"]
[EventType "team-tourn"]
[EventRounds "14"]
[EventCountry "ESP"]
[SourceTitle "EXT 2022"]
[Source "ChessBase"]
[SourceDate "2021.10.06"]
[SourceVersion "1"]
[SourceVersionDate "2021.10.06"]
[SourceQuality "1"]
[WhiteTeam "Vallecas CDV"]
[BlackTeam "Collado Villalba"]
[WhiteTeamCountry "ESP"]
[BlackTeamCountry "ESP"]

1. e4 e6 2. d4 d5 3. Nd2 c5 4. Ngf3 cxd4 5. Nxd4 Nc6 6. Bb5 Bd7 7. Nxc6 bxc6 8. Bd3 Qc7 9. Qe2 Ne7 10. 0-0 Ng6 11. Nf3 Bd6 12. Rd1 0-0 13. c4 d4 14. g3 e5 15. Qc2 Bg4 16. Be2 Qd7 17. Ne1 f5 18. Bxg4 fxg4 19. Nd3 Rf3 20. c5 Be7 21. Qc4+ Kh8 22. Ne1 Rf6 23. Bg5 Rff8 24. Bd2 h6 25. b4 Kh7 26. a4 a6 27. Nd3 Rf3 28. Rab1 h5 29. b5 axb5 30. axb5 cxb5 31. Rxb5 Qc6 32. Re1 Rc8 33. Ba5 Qf6 34. Rb6 Qg5 35. Rd1 h4 36. Qe6 Rxd3 37. Rdb1 Rxc5 38. Be1 Nf8 39. Qf7 Rf3 40. Qe8 h3 41. Rb7 Ng6 42. R7b6 Rf6 43. Rb8 Rf8 44. Qa4 Rxb8 45. Rxb8 Rc1 0-1

[Event "Madrid-ch"]
[Site "Madrid"]
[Date "2014.03.01"]
[Round "9"]
[White "Ballesteros Galvez, Daniel"]
[Black "Alonso Herrero, Ignacio"]
[Result "1-0"]
[WhiteElo "1789"]
[BlackElo "1777"]
[PlyCount "47"]
[EventDate "2014.02.06"]
[EventType "swiss"]
[EventRounds "9"]
[EventCountry "ESP"]
[SourceTitle "CBM 159 Extra"]
[Source "ChessBase"]
[SourceDate "2014.04.24"]
[SourceVersion "1"]
[SourceVersionDate "2014.04.24"]
[SourceQuality "1"]

1. e4 e6 2. d4 d5 3. e5 c5 4. c3 Nc6 5. Nf3 cxd4 6. cxd4 Qb6 7. a3 f6 8. b4 Bd7 9. Bb2 Be7 10. Bd3 Nh6 11. 0-0 Nf5 12. Bxf5 exf5 13. Re1 0-0 14. Nc3 Be6 15. exf6 Rxf6 16. Ng5 Nd8 17. Nxe6 Rxe6 18. Nxd5 Qd6 19. Nxe7+ Qxe7 20. d5 Rxe1+ 21. Qxe1 Qd7 22. Rc1 Nf7 23. Qe6 Qb5 24. Rc8+ 1-0

[Event "Madrid-ch"]
[Site "Madrid"]
[Date "2014.02.15"]
[Round "5"]
[White "Lopez Ziegler, Carlos"]
[Black "Ballesteros Galvez, Daniel"]
[Result "1-0"]
[WhiteElo "1944"]
[BlackElo "1789"]
[PlyCount "97"]
[EventDate "2014.02.06"]
[EventType "swiss"]
[EventRounds "9"]
[EventCountry "ESP"]
[SourceTitle "CBM 159 Extra"]
[Source "ChessBase"]
[SourceDate "2014.04.24"]
[SourceVersion "1"]
[SourceVersionDate "2014.04.24"]
[SourceQuality "1"]

1. e4 e5 2. Nf3 Nf6 3. Nxe5 d6 4. Nf3 Nxe4 5. Nc3 Nxc3 6. dxc3 Be7 7. Be3 Nc6 8. Qd2 Bf5 9. h3 0-0 10. 0-0-0 a6 11. Rg1 Ne5 12. Nd4 Bg6 13. f4 c5 14. Nb3 Nc6 15. Qf2 Qc8 16. g4 f6 17. Bc4+ Bf7 18. Bxf7+ Rxf7 19. Rge1 Qc7 20. Qf3 Bf8 21. Bf2 Kh8 22. Qd5 Rd8 23. Bg3 Re7 24. Rxe7 Qxe7 25. Re1 Qd7 26. Nd2 Re8 27. Re4 Rxe4 28. Nxe4 Qe7 29. Kd2 Nd8 30. c4 Qc7 31. c3 Qe7 32. Kd3 Qc7 33. Kc2 Nf7 34. a3 Nd8 35. Kc1 Nf7 36. Kc2 Nd8 37. b3 Nf7 38. Kb2 Nd8 39. Kc2 Nf7 40. a4 Nd8 41. Kd3 Nf7 42. Ke3 Qe7 43. Kf3 Qc7 44. h4 Qe7 45. h5 h6 46. Bh4 Kh7 47. Qf5+ Kh8 48. Nxf6 Ng5+ 49. Bxg5 1-0

[Event "Madrid-ch"]
[Site "Madrid"]
[Date "2014.02.08"]
[Round "3"]
[White "Ballesteros Galvez, Daniel"]
[Black "Tirado Parra, Alberto"]
[Result "1-0"]
[WhiteElo "1789"]
[BlackElo "1939"]
[PlyCount "65"]
[EventDate "2014.02.06"]
[EventType "swiss"]
[EventRounds "9"]
[EventCountry "ESP"]
[SourceTitle "CBM 159 Extra"]
[Source "ChessBase"]
[SourceDate "2014.04.24"]
[SourceVersion "1"]
[SourceVersionDate "2014.04.24"]
[SourceQuality "1"]

1. e4 e5 2. Nf3 Nc6 3. Nc3 Nf6 4. Bb5 Nd4 5. Nxd4 exd4 6. e5 dxc3 7. exf6 Qxf6 8. dxc3 Qe5+ 9. Qe2 Qxe2+ 10. Bxe2 Bc5 11. Bf4 d6 12. 0-0 0-0 13. Rfe1 Be6 14. Bf3 Rab8 15. b4 Bb6 16. a3 Rfe8 17. Be4 d5 18. Bd3 Rbd8 19. a4 a6 20. a5 Ba7 21. Bxc7 Rc8 22. Be5 f6 23. Bd4 Bb8 24. Re2 Bd7 25. Rae1 Rxe2 26. Rxe2 Bd6 27. f3 Kf7 28. g3 h5 29. h4 Bxg3 30. Rg2 Be5 31. Bxe5 fxe5 32. Rg5 Re8 33. Bg6+ 1-0

[Event "Madrid-ch"]
[Site "Madrid"]
[Date "2014.02.07"]
[Round "2"]
[White "Morona Minguez, Miguel"]
[Black "Ballesteros Galvez, Daniel"]
[Result "0-1"]
[WhiteElo "1622"]
[BlackElo "1789"]
[PlyCount "86"]
[EventDate "2014.02.06"]
[EventType "swiss"]
[EventRounds "9"]
[EventCountry "ESP"]
[SourceTitle "CBM 159 Extra"]
[Source "ChessBase"]
[SourceDate "2014.04.24"]
[SourceVersion "1"]
[SourceVersionDate "2014.04.24"]
[SourceQuality "1"]

1. c4 e5 2. e3 Nf6 3. Nc3 c6 4. d3 d5 5. Nf3 Bg4 6. Be2 Nbd7 7. 0-0 Be7 8. b3 0-0 9. Bb2 Bd6 10. Rc1 Bc7 11. cxd5 Nxd5 12. Ne4 f5 13. Ned2 N5f6 14. Nc4 Re8 15. h3 Bh5 16. d4 Bxf3 17. Bxf3 e4 18. Be2 Nd5 19. g3 Qg5 20. h4 Qf6 21. Nd2 g5 22. h5 g4 23. Bc4 N7b6 24. Kg2 h6 25. Qe2 Qg5 26. Rh1 Kh7 27. Rh4 Rg8 28. Rch1 Rg7 29. a4 a5 30. Bxd5 Nxd5 31. Ba3 Rf7 32. Nc4 Rf6 33. Rc1 Rg8 34. Ne5 Bxe5 35. dxe5 Re6 36. Rch1 Rxe5 37. Bd6 Re6 38. Bf4 Qe7 39. Rd1 Nc3 40. Qc2 Nxd1 41. Qxd1 Rd8 42. Qc2 Qb4 43. Rh1 Rd2 0-1

[Event "Madrid-chT 1314"]
[Site "Madrid"]
[Date "2014.01.25"]
[Round "7.36"]
[White "Ballesteros Galvez, Daniel"]
[Black "Clemente Sanchez, Eduardo"]
[Result "1/2-1/2"]
[WhiteElo "1789"]
[BlackElo "1855"]
[PlyCount "90"]
[EventDate "2013.11.16"]
[EventType "team-tourn"]
[EventRounds "14"]
[EventCountry "ESP"]
[SourceTitle "EXT 2015"]
[Source "ChessBase"]
[SourceDate "2014.11.20"]
[SourceVersion "1"]
[SourceVersionDate "2014.11.20"]
[SourceQuality "1"]
[WhiteTeam "Vallecas CDV"]
[BlackTeam "Liberty Chess"]
[WhiteTeamCountry "ESP"]
[BlackTeamCountry "ESP"]

1. e4 c5 2. c3 g6 3. d4 cxd4 4. cxd4 Bg7 5. Nf3 d6 6. h3 Nc6 7. Be3 Nf6 8. Nc3 0-0 9. Bc4 a6 10. Bb3 Bd7 11. 0-0 Rc8 12. Qd2 Na5 13. Bh6 Nxb3 14. axb3 Qb6 15. Bxg7 Kxg7 16. e5 Ne8 17. Nd5 Qxb3 18. Nxe7 Rc2 19. Qf4 Qe6 20. exd6 Qxd6 21. Qxd6 Nxd6 22. b4 Re8 23. Nd5 Bb5 24. Rfe1 Ree2 25. Rxe2 Bxe2 26. Ne1 Rd2 27. Nc3 Bc4 28. Nf3 Rd3 29. Rc1 Be6 30. Kf1 Bc4 31. Ke1 b5 32. Rc2 Nf5 33. Rc1 f6 34. Ne4 Nxd4 35. Nxd4 Rxd4 36. Nc5 Kf7 37. Ra1 Rd5 38. Rxa6 Re5+ 39. Kd1 Re2 40. Ra7+ Kg8 41. g3 f5 42. Nd7 h5 43. Nf6+ Kf8 44. Nh7+ Ke8 45. Nf6+ Kf8 1/2-1/2

[Event "Mondariz op U2300 9th"]
[Site "Mondariz"]
[Date "2012.04.02"]
[Round "3"]
[White "Ballesteros Galvez, Daniel"]
[Black "Picazo Gonzalez, Ana"]
[Result "1-0"]
[WhiteElo "1722"]
[BlackElo "1728"]
[PlyCount "101"]
[EventDate "2012.03.31"]
[EventType "swiss"]
[EventRounds "8"]
[EventCountry "ESP"]
[SourceTitle "CBM 147 Extra"]
[Source "ChessBase"]
[SourceDate "2012.04.24"]
[SourceVersion "1"]
[SourceVersionDate "2012.04.24"]
[SourceQuality "1"]

1. e4 e6 2. d4 d5 3. exd5 exd5 4. Bd3 Nc6 5. Nf3 Bd6 6. c3 h6 7. 0-0 Nge7 8. Re1 0-0 9. Nbd2 Bf5 10. Nf1 Bxd3 11. Qxd3 Ng6 12. Ng3 Bf4 13. Bxf4 Nxf4 14. Qf5 Ne6 15. h3 Ne7 16. Qc2 Qd6 17. Nf5 Nxf5 18. Qxf5 Qf4 19. Qxd5 c6 20. Qe5 Qxe5 21. Nxe5 Rfe8 22. Nd3 Re7 23. Nc5 Rae8 24. Nxe6 Rxe6 25. Kf1 Kf8 26. Rxe6 Rxe6 27. Re1 Rd6 28. Re2 b5 29. b4 f6 30. Ke1 Kf7 31. Kd2 Rd7 32. Kd3 g6 33. a3 a6 34. a4 f5 35. axb5 axb5 36. Ra2 Ke6 37. Ra8 Kd5 38. Rh8 h5 39. Rg8 Rd6 40. Rf8 Ke6 41. c4 Rd7 42. Rc8 Rd6 43. c5 Kd7 44. cxd6 Kxc8 45. d5 Kd7 46. dxc6+ Kxc6 47. Kd4 Kxd6 48. h4 f4 49. f3 Kc6 50. Ke5 Kc7 51. Kd5 1-0

[Event "Mondariz op U2300 9th"]
[Site "Mondariz"]
[Date "2012.04.01"]
[Round "2"]
[White "Lopez Heras, Arturo"]
[Black "Ballesteros Galvez, Daniel"]
[Result "1/2-1/2"]
[WhiteElo "1882"]
[BlackElo "1722"]
[PlyCount "64"]
[EventDate "2012.03.31"]
[EventType "swiss"]
[EventRounds "8"]
[EventCountry "ESP"]
[SourceTitle "CBM 147 Extra"]
[Source "ChessBase"]
[SourceDate "2012.04.24"]
[SourceVersion "1"]
[SourceVersionDate "2012.04.24"]
[SourceQuality "1"]

1. e4 e5 2. f4 exf4 3. Nf3 Ne7 4. Bc4 d5 5. exd5 Nxd5 6. 0-0 Be7 7. Qe2 Nc6 8. Nc3 Be6 9. d4 0-0 10. Nxd5 Bxd5 11. c3 Re8 12. Bd3 Bd6 13. Qc2 h6 14. Bd2 Qf6 15. Rad1 a6 16. Bc1 b5 17. b3 g5 18. Qf2 b4 19. Bb2 bxc3 20. Bxc3 Re3 21. Ne5 Nxe5 22. Qxe3 fxe3 23. Rxf6 Ng4 24. Rxd6 cxd6 25. Re1 Nf2 26. Bf1 f5 27. Bb4 Ne4 28. Rxe3 a5 29. Be1 a4 30. Bd3 axb3 31. axb3 Ra2 32. Bf1 Rb2 1/2-1/2

[Event "Madrid-ch Previa-A"]
[Site "Madrid"]
[Date "2012.02.21"]
[Round "8"]
[White "Diaz Begonte, Manuel"]
[Black "Ballesteros Galvez, Daniel"]
[Result "1-0"]
[WhiteElo "1790"]
[BlackElo "1733"]
[PlyCount "51"]
[EventDate "2012.02.06"]
[EventType "swiss"]
[EventRounds "9"]
[EventCountry "ESP"]
[SourceTitle "CBM 147 Extra"]
[Source "ChessBase"]
[SourceDate "2012.04.24"]
[SourceVersion "1"]
[SourceVersionDate "2012.04.24"]
[SourceQuality "1"]

1. e4 e5 2. d4 exd4 3. f4 Nc6 4. Nf3 Bc5 5. a3 a5 6. Bd3 Nf6 7. 0-0 Ng4 8. Qe1 d6 9. h3 Ne3 10. Rf2 Qf6 11. Nh2 0-0 12. Nf1 Qh4 13. Nxe3 dxe3 14. Bxe3 Bxe3 15. Qxe3 Bd7 16. Nd2 Rfe8 17. Nf3 Qe7 18. Re1 h6 19. c3 Kh8 20. g4 f5 21. gxf5 Bxf5 22. Nd4 Be6 23. f5 Bf7 24. f6 Qe5 25. Rf5 Nxd4 26. Rxe5 1-0

[Event "Madrid-ch Previa-A"]
[Site "Madrid"]
[Date "2012.02.08"]
[Round "3"]
[White "Ballesteros Galvez, Daniel"]
[Black "Lozano Sanchez, Jose Antonio"]
[Result "0-1"]
[WhiteElo "1733"]
[BlackElo "1894"]
[PlyCount "96"]
[EventDate "2012.02.06"]
[EventType "swiss"]
[EventRounds "9"]
[EventCountry "ESP"]
[SourceTitle "CBM 147 Extra"]
[Source "ChessBase"]
[SourceDate "2012.04.24"]
[SourceVersion "1"]
[SourceVersionDate "2012.04.24"]
[SourceQuality "1"]

1. e4 e5 2. Nf3 Nc6 3. Nc3 Bc5 4. Bb5 d6 5. 0-0 a6 6. Bxc6+ bxc6 7. d3 Bg4 8. h3 Bh5 9. Qe2 Nf6 10. Be3 Bb6 11. Bxb6 cxb6 12. Qe3 h6 13. Ne2 Nd7 14. Ng3 Bg6 15. Nd2 0-0 16. f4 exf4 17. Qxf4 Nc5 18. Nf3 Qd7 19. Nh4 Ne6 20. Qg4 Qe8 21. Nhf5 Rd8 22. Nh5 Kh7 23. Nfxg7 Qe7 24. Nxe6 fxe6 25. Nf4 Bf7 26. Rf2 Rg8 27. Qf3 Rg5 28. Raf1 Rdg8 29. Qe2 R8g7 30. d4 e5 31. dxe5 dxe5 32. Nd3 Bc4 33. b3 Be6 34. Qf3 Rg3 35. Qf6 Qxf6 36. Rxf6 Rxg2+ 37. Kh1 Bxh3 38. Rxc6 Re2 39. Rf2 Rxe4 40. Rh2 Rh4 41. Ne1 Re4 42. Nd3 Re3 43. Rc4 Reg3 44. Rf2 Be6 45. Rh4 Bd5+ 46. Kh2 Rg1 47. Kh3 Rh1+ 48. Rh2 Bg2# 0-1

[Event "Madrid-ch Previa-A"]
[Site "Madrid"]
[Date "2012.02.07"]
[Round "2"]
[White "Ballesteros Galvez, Daniel"]
[Black "Fernandez Aransay, Fernando"]
[Result "0-1"]
[WhiteElo "1733"]
[BlackElo "1897"]
[PlyCount "60"]
[EventDate "2012.02.06"]
[EventType "swiss"]
[EventRounds "9"]
[EventCountry "ESP"]
[SourceTitle "CBM 147 Extra"]
[Source "ChessBase"]
[SourceDate "2012.04.24"]
[SourceVersion "1"]
[SourceVersionDate "2012.04.24"]
[SourceQuality "1"]

1. e4 c6 2. d4 d5 3. Nc3 dxe4 4. Nxe4 Nd7 5. Nf3 Ngf6 6. Nxf6+ Nxf6 7. Bc4 e6 8. Bg5 Be7 9. 0-0 0-0 10. Re1 Qc7 11. c3 b6 12. Bd3 Bb7 13. Ne5 Rad8 14. Qc2 h6 15. Bxf6 Bxf6 16. Be4 Bxe5 17. dxe5 c5 18. Bxb7 Qxb7 19. Rad1 Rd5 20. c4 Rd4 21. Rxd4 cxd4 22. Qe4 Qd7 23. Rd1 Rd8 24. Rd3 Qa4 25. b3 Qxa2 26. g3 a5 27. Kg2 a4 28. Qb7 axb3 29. Qxb6 Qa8+ 30. Rf3 Rb8 0-1

[Event "Mondariz op 8th"]
[Site "Mondariz"]
[Date "2011.04.17"]
[Round "2"]
[White "Ballesteros Galvez, Daniel"]
[Black "Beltran de Heredia Eguiaz, Miguel Angel"]
[Result "1/2-1/2"]
[WhiteElo "1683"]
[BlackElo "2116"]
[PlyCount "79"]
[EventDate "2011.04.16"]
[EventType "swiss"]
[EventRounds "8"]
[EventCountry "ESP"]
[SourceTitle "EXT 2012"]
[Source "ChessBase"]
[SourceDate "2011.11.24"]
[SourceVersion "1"]
[SourceVersionDate "2011.11.24"]
[SourceQuality "1"]

1. e4 c5 2. c3 Nf6 3. e5 Nd5 4. d4 cxd4 5. Nf3 e6 6. cxd4 b6 7. Bc4 Bb7 8. Bd2 Be7 9. Nc3 Nxc3 10. Bxc3 Qc7 11. Bd3 Ba6 12. Bxa6 Nxa6 13. a3 Qb7 14. 0-0 0-0 15. Nd2 Rac8 16. Qf3 Qxf3 17. Nxf3 Rc6 18. Rfc1 Rfc8 19. Bd2 f5 20. Rxc6 Rxc6 21. Rc1 Rxc1+ 22. Bxc1 Nc7 23. Ne1 Nd5 24. Nd3 Kf7 25. g3 g5 26. Kg2 a5 27. f4 h6 28. Bd2 Ke8 29. Kf3 g4+ 30. Ke2 Kd8 31. b4 axb4 32. Bxb4 Bxb4 33. Nxb4 Nxb4 34. axb4 b5 35. Kd3 Kc7 36. d5 exd5 37. Kd4 Kc6 38. Kd3 Kb6 39. Kd4 Kc6 40. Kd3 1/2-1/2

[Event "Madrid-ch Previa-B"]
[Site "Madrid"]
[Date "2009.11.28"]
[Round "9"]
[White "Ballesteros Galvez, Daniel"]
[Black "Vicario Ramirez, Celestino"]
[Result "1-0"]
[WhiteElo "1557"]
[BlackElo "1612"]
[PlyCount "60"]
[EventDate "2009.11.05"]
[EventType "swiss"]
[EventRounds "9"]
[EventCountry "ESP"]
[SourceTitle "CBM 133 Extra"]
[Source "ChessBase"]
[SourceDate "2010.01.05"]
[SourceVersion "1"]
[SourceVersionDate "2010.01.05"]
[SourceQuality "1"]

1. e4 g6 2. d4 Bg7 3. Nc3 d6 4. Be3 Nf6 5. Qd2 Ng4 6. Bf4 e5 7. dxe5 Bxe5 8. h3 Bxf4 9. Qxf4 Ne5 10. Nf3 Nbd7 11. 0-0-0 Nxf3 12. Qxf3 Ne5 13. Qe3 Be6 14. f4 Nc6 15. e5 d5 16. Qc5 Qe7 17. Qxe7+ Nxe7 18. Nb5 Kd7 19. Nd4 c6 20. Bd3 b5 21. g4 a6 22. f5 gxf5 23. gxf5 Nxf5 24. Nxf5 c5 25. Ng7 c4 26. Be2 b4 27. Bxc4 Kc6 28. Nxe6 fxe6 29. Bd3 a5 30. Rdf1 a4 1-0

[Event "Madrid-ch Previa-B"]
[Site "Madrid"]
[Date "2009.11.27"]
[Round "8"]
[White "Ballesteros Galvez, Daniel"]
[Black "Kalinovsky, Martin"]
[Result "0-1"]
[WhiteElo "1557"]
[BlackElo "1632"]
[PlyCount "82"]
[EventDate "2009.11.05"]
[EventType "swiss"]
[EventRounds "9"]
[EventCountry "ESP"]
[SourceTitle "CBM 133 Extra"]
[Source "ChessBase"]
[SourceDate "2010.01.05"]
[SourceVersion "1"]
[SourceVersionDate "2010.01.05"]
[SourceQuality "1"]

1. e4 e5 2. Nf3 Nf6 3. Nc3 Nc6 4. Bb5 Nd4 5. Nxd4 exd4 6. e5 dxc3 7. exf6 Qxf6 8. dxc3 c6 9. Bd3 Bc5 10. Qe2+ Qe6 11. Qxe6+ fxe6 12. Bg5 Rf8 13. Rf1 Be7 14. Bxe7 Kxe7 15. 0-0-0 d5 16. Rde1 Kd6 17. Re3 h6 18. Rg3 g5 19. Rh3 Rf6 20. Re3 Bd7 21. c4 Raf8 22. f3 g4 23. cxd5 cxd5 24. Kd2 Bc6 25. Be2 e5 26. Re1 gxf3 27. Rxf3 Rxf3 28. Bxf3 e4 29. Bg4 Bb5 30. Ke3 Ke5 31. Rd1 Rg8 32. Bh3 h5 33. Rd2 Rf8 34. Rd1 Rg8 35. Rd2 Bf1 36. Rd1 Bxg2 37. Rg1 d4+ 38. Kd2 e3+ 39. Kc1 Bd5 40. Rf1 Bc4 41. Rf5+ Ke4 0-1